[Event "TUR-chT 2nd League"]
[Site "Konya"]
[Date "2017.07.19"]
[Round "4.12"]
[White "Birgul, Utku"]
[Black "Yavuz, Efe Metehan"]
[Result "0-1"]
[WhiteElo "1441"]
[BlackElo "1707"]
[PlyCount "66"]
[EventDate "2017.07.17"]
[EventType "team-swiss"]
[EventRounds "9"]
[EventCountry "TUR"]
[SourceTitle "CBM 179 Extra"]
[Source "ChessBase"]
[SourceDate "2017.08.23"]
[SourceVersion "1"]
[SourceVersionDate "2017.08.23"]
[SourceQuality "1"]
[WhiteTeam "Yalova Altinkale"]
[BlackTeam "Bolu Koroglu"]
[WhiteTeamCountry "TUR"]
[BlackTeamCountry "TUR"]

1. e4 e5 2. Nf3 Nc6 3. d4 exd4 4. Nxd4 Bc5 5. Nxc6 Qf6 6. Qf3 dxc6 7. Bc4 Qg6 8. Nc3 Bg4 9. Qg3 0-0-0 10. h3 Bh5 11. Qxg6 Bxg6 12. 0-0 Bd4 13. Re1 Nf6 14. Bg5 Rhe8 15. Bxf6 gxf6 16. Bd3 b5 17. a3 a6 18. a4 Kb7 19. axb5 cxb5 20. Nd5 Bxb2 21. Rab1 c6 22. Nf4 Bc3 23. Re2 c5 24. Nxg6 fxg6 25. Re3 b4 26. Bc4 Kc7 27. Bb3 Rd4 28. f3 f5 29. e5 Rd2 30. Ree1 Rxe5 31. Rxe5 Bxe5 32. Re1 Bg3 33. Rc1 Kb6 0-1

[Event "TUR-chT 2nd League"]
[Site "Konya"]
[Date "2017.07.17"]
[Round "1.11"]
[White "Bicer, Atakan Mert"]
[Black "Birgul, Utku"]
[Result "1/2-1/2"]
[WhiteElo "1863"]
[BlackElo "1441"]
[PlyCount "149"]
[EventDate "2017.07.17"]
[EventType "team-swiss"]
[EventRounds "9"]
[EventCountry "TUR"]
[SourceTitle "CBM 179 Extra"]
[Source "ChessBase"]
[SourceDate "2017.08.23"]
[SourceVersion "1"]
[SourceVersionDate "2017.08.23"]
[SourceQuality "1"]
[WhiteTeam "Genc Efe Izcilik"]
[BlackTeam "Yalova Altinkale"]
[WhiteTeamCountry "TUR"]
[BlackTeamCountry "TUR"]

1. c4 e5 2. Nc3 Nf6 3. g3 Nc6 4. Bg2 Bc5 5. Nf3 d6 6. 0-0 0-0 7. d3 h6 8. a3 a6 9. b4 Ba7 10. Rb1 Ne7 11. a4 c6 12. b5 axb5 13. axb5 Bg4 14. Qb3 Nd7 15. Bb2 Nc5 16. Qc2 Qc7 17. Nd2 Be6 18. e3 Nd7 19. Nb3 d5 20. cxd5 cxd5 21. Rfc1 Rfc8 22. Qd2 Qd8 23. d4 e4 24. Na4 b6 25. Nc3 Bb8 26. f3 f5 27. fxe4 fxe4 28. Rf1 Nf6 29. Ra1 Bd6 30. Ra6 Bb4 31. Rfa1 Bd7 32. Bf1 Nf5 33. R6a4 Qf8 34. Ra7 Qd8 35. R7a4 Qf8 36. Rxa8 Rxa8 37. Ra6 Qd8 38. Qc1 Nd6 39. Qa1 Rc8 40. Na4 Rb8 41. Ba3 Bxa3 42. Qxa3 Bxb5 43. Bxb5 Nxb5 44. Qb4 Nd6 45. Rxb6 Rxb6 46. Qxb6 Qxb6 47. Nxb6 Nf5 48. Nc1 Nxe3 49. Ne2 Nc2 50. Nf4 Nxd4 51. Nbxd5 Nxd5 52. Nxd5 Kf7 53. Nc3 Nf3+ 54. Kf2 Nxh2 55. Nxe4 Ng4+ 56. Kf3 Ne5+ 57. Kf4 Ng6+ 58. Kf5 Ne7+ 59. Kf4 Ke6 60. Nc5+ Kd5 61. Nd3 Kd4 62. Ne1 g6 63. Nf3+ Kd5 64. g4 Nc6 65. Ne1 Nd4 66. Ng2 g5+ 67. Ke3 Ne6 68. Ne1 Nf4 69. Nd3 Nxd3 70. Kxd3 Ke5 71. Ke3 Kf6 72. Kf3 Kg6 73. Kg3 h5 74. gxh5+ Kxh5 75. Kh3 1/2-1/2